[Event "SVK Extraliga 2019-20"]
[Site "Slovakia"]
[Date "2020.01.18"]
[Round "5.4"]
[White "Simacek, Pavel"]
[Black "Hrabusa, Matej"]
[Result "1/2-1/2"]
[WhiteElo "2469"]
[BlackElo "2364"]
[Annotator "ChessBase"]
[PlyCount "114"]
[EventDate "2019.10.19"]
[EventType "team-tourn"]
[EventCountry "SVK"]
[SourceTitle "playchess.com"]
[Source "ChessBase"]
[SourceQuality "1"]
[WhiteTeam "Snina"]
[BlackTeam "Liptovska"]
[TimeControl "40/5400+30:1800+30"]

1. e4 {[%emt 0:00:00]} c5 {[%emt 0:00:00]} 2. Nf3 {[%emt 0:00:00]} d6 {[%emt 0:00:00]} 3. d4 {[%emt 0:02:25]} cxd4 {[%emt 0:00:00]} 4. Qxd4 {[%emt 0:00:21]} a6 {[%emt 0:02:01]} 5. c4 {[%emt 0:01:08]} Nf6 {[%emt 0:03:12]} 6. Nc3 {[%emt 0:00:23]} e5 {[%emt 0:01:36]} 7. Qd1 {[%emt 0:03:57]} h6 {[%emt 0:01:09]} 8. Bd3 {[%emt 0:00:22]} Be7 {[%emt 0:00:29]} 9. O-O {[%emt 0:07:36]} O-O {[%emt 0:00:35]} 10. h3 {[%emt 0:03:55]} Be6 {[%emt 0:04:07]} 11. Be3 {[%emt 0:00:23]} Nbd7 {[%emt 0:00:45]} 12. Qe2 {[%emt 0:03:58]} Rc8 {[%emt 0:01:05]} 13. Rac1 {[%emt 0:00:34]} Re8 {[%emt 0:03:02]} 14. Nd5 {[%emt 0:13:51]} Nc5 {[%emt 0:07:02]} 15. Bb1 {[%emt 0:00:28]} a5 {[%emt 0:14:48]} 16. Nd2 {[%emt 0:05:07]} Nfd7 {[%emt 0:02:11]} 17. Qh5 {[%emt 0:15:46]} Bg5 {[%emt 0:04:29]} 18. Bxg5 {[%emt 0:01:16]} Qxg5 {[%emt 0:00:10]} 19. Qxg5 {[%emt 0:00:09]} hxg5 {[%emt 0:00:04]} 20. Ne3 {[%emt 0:01:27]} Nf6 {[%emt 0:10:16]} 21. Rfd1 {[%emt 0:00:10]} Rc6 {[%emt 0:00:50]} 22. b3 {[%emt 0:04:39]} Nh5 {[%emt 0:02:19]} 23. Nf3 {[%emt 0:01:31]} f6 {[%emt 0:04:52]} 24. Rd2 {[%emt 0:02:08]} g6 {[%emt 0:03:03]} 25. Rcd1 {[%emt 0:08:15]} Rd8 {[%emt 0:00:47]} 26. Nh2 {[%emt 0:02:12]} Kf7 {[%emt 0:01:14]} 27. Nhg4 {[%emt 0:02:57]} Nf4 {[%emt 0:02:03]} 28. g3 {[%emt 0:07:43]} Bxg4 {[%emt 0:01:50]} 29. hxg4 {[%emt 0:00:06]} Nfe6 {[%emt 0:00:07]} 30. Kg2 {[%emt 0:00:04]} Nd4 {[%emt 0:01:03]} 31. Rh1 {[%emt 0:05:14]} Kg7 {[%emt 0:00:22]} 32. Nd5 {[%emt 0:00:11]} Rcc8 {[%emt 0:00:53]} 33. Rdd1 {[%emt 0:03:06]} Rh8 {[%emt 0:03:02]} 34. Ne7 {[%emt 0:00:33]} Ra8 {[%emt 0:04:05]} 35. Nd5 {[%emt 0:00:17]} Na6 {[%emt 0:01:05]} 36. Nc3 {[%emt 0:01:06]} Rxh1 {[%emt 0:05:44]} 37. Rxh1 {[%emt 0:00:11]} Nc5 {[%emt 0:00:57]} 38. Rd1 {[%emt 0:01:03]} Rh8 {[%emt 0:01:19]} 39. Nd5 {[%emt 0:01:59]} Kf7 {[%emt 0:01:52]} 40. Rf1 {[%emt 0:01:21]} Nce6 {[%emt 0:03:47]} 41. Bd3 {[%emt 0:03:24]} Kg7 {[%emt 0:02:43]} 42. Rd1 {[%emt 0:01:33]} Nc5 {[%emt 0:01:32]} 43. Bb1 {[%emt 0:01:31]} Na6 {[%emt 0:05:52]} 44. Nc3 {[%emt 0:00:14]} Nc7 {[%emt 0:03:47]} 45. Bd3 {[%emt 0:00:20]} Nce6 {[%emt 0:01:20]} 46. Nd5 {[%emt 0:00:45]} Nc5 {[%emt 0:00:31]} 47. Bb1 {[%emt 0:00:05]} Ra8 {[%emt 0:00:27]} 48. Nb6 {[%emt 0:03:40]} Rd8 {[%emt 0:01:44]} 49. Nd5 {[%emt 0:00:26]} Na6 {[%emt 0:01:22]} 50. Nc3 {[%emt 0:00:46]} Nb4 {[%emt 0:01:05]} 51. Nb5 {[%emt 0:01:26]} Nbc6 {[%emt 0:01:18]} 52. Nc3 {[%emt 0:00:07]} Ne6 {[%emt 0:02:31]} 53. Rd5 {[%emt 0:05:47]} Nc7 {[%emt 0:04:18]} 54. Rd1 {[%emt 0:00:18]} Nd4 {[%emt 0:00:28]} 55. Bd3 {[%emt 0:00:17]} Na6 {[%emt 0:01:11]} 56. Bb1 {[%emt 0:00:12]} Nc5 {[%emt 0:00:30]} 57. Nd5 {[%emt 0:00:23]} Rh8 {[%emt 0:00:46]} 1/2-1/2

[Event "SVK Extraliga 2019-20"]
[Site "Slovakia"]
[Date "2020.01.18"]
[Round "5.4"]
[White "Bagi, Mate"]
[Black "Walterova, Ema"]
[Result "1-0"]
[WhiteElo "2466"]
[BlackElo "1787"]
[Annotator "ChessBase"]
[PlyCount "73"]
[EventDate "2019.10.19"]
[EventType "team-tourn"]
[EventCountry "SVK"]
[SourceTitle "playchess.com"]
[Source "ChessBase"]
[SourceQuality "1"]
[WhiteTeam "Streda"]
[BlackTeam "Bratislava"]
[TimeControl "40/5400+30:1800+30"]

1. e4 {[%emt 0:00:00]} e5 {[%emt 0:00:00]} 2. Nf3 {[%emt 0:00:00]} Nc6 {[%emt 0:00:00]} 3. Bb5 {[%emt 0:02:10]} a6 {[%emt 0:01:15]} 4. Ba4 {[%emt 0:02:21]} Nf6 {[%emt 0:02:13]} 5. Nc3 {[%emt 0:00:40]} b5 {[%emt 0:09:27]} 6. Bb3 {[%emt 0:00:07]} Be7 {[%emt 0:00:31]} 7. a4 {[%emt 0:02:41]} b4 {[%emt 0:06:28]} 8. Nd5 {[%emt 0:00:22]} Bc5 {[%emt 0:11:17]} 9. O-O {[%emt 0:03:08]} d6 {[%emt 0:12:49]} 10. c3 {[%emt 0:02:27]} bxc3 {[%emt 0:08:43]} 11. bxc3 {[%emt 0:00:08]} Ba7 {[%emt 0:09:43]} 12. d4 {[%emt 0:10:01]} h6 {[%emt 0:01:49]} 13. Nxf6+ {[%emt 0:04:10]} Qxf6 {[%emt 0:00:53]} 14. Bd5 {[%emt 0:00:15]} Bd7 {[%emt 0:00:41]} 15. Be3 {[%emt 0:02:24]} O-O {[%emt 0:01:11]} 16. Rb1 {[%emt 0:01:01]} Rad8 {[%emt 0:07:12]} 17. h3 {[%emt 0:20:45]} Rfe8 {[%emt 0:05:54]} 18. Rb7 {[%emt 0:08:22]} Bb6 {[%emt 0:04:13]} 19. dxe5 {[%emt 0:00:37]} Nxe5 {[%emt 0:01:14]} 20. Bxb6 {[%emt 0:01:51]} cxb6 {[%emt 0:00:31]} 21. Nd4 {[%emt 0:04:04]} Ng6 {[%emt 0:05:41]} 22. f4 {[%emt 0:11:30]} Ne7 {[%emt 0:02:07]} 23. Bb3 {[%emt 0:03:06]} Kh8 {[%emt 0:03:28]} 24. Rxb6 {[%emt 0:01:54]} Nc8 {[%emt 0:00:20]} 25. Rb7 {[%emt 0:03:22]} Rxe4 {[%emt 0:01:32]} 26. Qf3 {[%emt 0:00:11]} Re7 {[%emt 0:01:15]} 27. a5 {[%emt 0:01:29]} Rde8 {[%emt 0:01:53]} 28. Qh5 {[%emt 0:02:08]} Qg6 {[%emt 0:00:46]} 29. Qxg6 {[%emt 0:00:44]} fxg6 {[%emt 0:00:09]} 30. Bc4 {[%emt 0:00:34]} Bf5 {[%emt 0:01:13]} 31. Bxa6 {[%emt 0:00:47]} Rxb7 {[%emt 0:00:26]} 32. Bxb7 {[%emt 0:00:05]} Ne7 {[%emt 0:00:34]} 33. Re1 {[%emt 0:00:23]} Bd7 {[%emt 0:00:09]} 34. a6 {[%emt 0:00:23]} Nf5 {[%emt 0:00:46]} 35. Rxe8+ {[%emt 0:00:08]} Bxe8 {[%emt 0:00:01]} 36. Nxf5 {[%emt 0:00:17]} gxf5 {[%emt 0:00:05]} 37. a7 {[%emt 0:00:05]} 1-0

[Event "SVK Extraliga 2019-20"]
[Site "Slovakia"]
[Date "2020.01.18"]
[Round "5.4"]
[White "Jurcik, Marian"]
[Black "Motuz, Karol"]
[Result "1-0"]
[WhiteElo "2456"]
[BlackElo "2368"]
[Annotator "ChessBase"]
[PlyCount "65"]
[EventDate "2019.10.19"]
[EventType "team-tourn"]
[EventCountry "SVK"]
[SourceTitle "playchess.com"]
[Source "ChessBase"]
[SourceQuality "1"]
[WhiteTeam "Zilina"]
[BlackTeam "Dubnica"]
[TimeControl "40/5400+30:1800+30"]

1. e4 {[%emt 0:00:00]} e6 {[%emt 0:00:00]} 2. d4 {[%emt 0:00:30]} d5 {[%emt 0:00:00]} 3. Nc3 {[%emt 0:00:56]} Bb4 {[%emt 0:01:07]} 4. e5 {[%emt 0:03:36]} Qd7 {[%emt 0:01:46]} 5. a3 {[%emt 0:06:51]} Bxc3+ {[%emt 0:04:16]} 6. bxc3 {[%emt 0:00:19]} b6 {[%emt 0:00:40]} 7. a4 {[%emt 0:02:22]} Ba6 {[%emt 0:09:20]} 8. Bxa6 {[%emt 0:01:14]} Nxa6 {[%emt 0:00:03]} 9. Qd3 {[%emt 0:00:18]} Nb8 {[%emt 0:01:26]} 10. Qg3 {[%emt 0:02:58]} f5 {[%emt 0:02:37]} 11. a5 {[%emt 0:04:50]} Nc6 {[%emt 0:03:51]} 12. axb6 {[%emt 0:02:22]} cxb6 {[%emt 0:00:17]} 13. Ne2 {[%emt 0:01:33]} Qf7 {[%emt 0:04:21]} 14. h4 {[%emt 0:07:37]} Nge7 {[%emt 0:07:28]} 15. h5 {[%emt 0:00:20]} Rg8 {[%emt 0:11:37]} 16. Qd3 {[%emt 0:03:07]} g5 {[%emt 0:11:25]} 17. hxg6 {[%emt 0:00:49]} Nxg6 {[%emt 0:04:46]} 18. Ng3 {[%emt 0:08:26]} Nf8 {[%emt 0:08:29]} 19. Nh5 {[%emt 0:04:20]} O-O-O {[%emt 0:02:11]} 20. g3 {[%emt 0:01:15]} Na5 {[%emt 0:04:26]} 21. Nf6 {[%emt 0:01:16]} Rh8 {[%emt 0:01:49]} 22. Qa6+ {[%emt 0:08:45]} Kb8 {[%emt 0:05:29]} 23. Bh6 {[%emt 0:25:52]} Nc4 {[%emt 0:03:56]} 24. Ke2 {[%emt 0:01:20]} Rc8 {[%emt 0:01:58]} 25. Qb5 {[%emt 0:01:35]} Rc7 {[%emt 0:04:53]} 26. Bxf8 {[%emt 0:01:00]} Rxf8 {[%emt 0:03:30]} 27. Rxh7 {[%emt 0:00:13]} Qxh7 {[%emt 0:01:01]} 28. Nxh7 {[%emt 0:00:07]} Rxh7 {[%emt 0:00:02]} 29. Qc6 {[%emt 0:02:30]} f4 {[%emt 0:00:31]} 30. gxf4 {[%emt 0:00:32]} Rxf4 {[%emt 0:00:36]} 31. Rg1 {[%emt 0:03:11]} Rhf7 {[%emt 0:01:01]} 32. Rg8+ {[%emt 0:00:27]} Rf8 {[%emt 0:00:12]} 33. Rxf8+ {[%emt 0:00:21]} 1-0

[Event "SVK Extraliga 2019-20"]
[Site "Slovakia"]
[Date "2020.01.18"]
[Round "5.4"]
[White "Mosesov, Danylo"]
[Black "Szustakowski, Antoni"]
[Result "1/2-1/2"]
[WhiteElo "2382"]
[BlackElo "2299"]
[Annotator "TA"]
[PlyCount "70"]
[EventDate "2019.10.19"]
[EventType "team-tourn"]
[EventCountry "SVK"]
[SourceTitle "playchess.com"]
[Source "ChessBase"]
[SourceQuality "1"]
[WhiteTeam "Košice"]
[BlackTeam "Prakovce"]

{[%evp 9,70,18,20,13,3,2,18,18,16,4,69,0,0,-17,-14,-20,0,-12,0,0,65,45,48,67,48,59,43,49,42,23,39,-4,-6,-9,-10,-18,-17,-25,11,10,3,11,9,1,0,0,0,0,0,0,0,0,0,0,0,-12,-8,-18,-18,-22,-22,-22,-11]} 1. d4 Nf6 2. c4 e6 3. Nf3 d5 4. Nc3 dxc4 5. e4 Bb4 6. Bxc4 {D24: Queen's Gambit Accepted: 3 Nf3 Nf6 4 Nc3} Nxe4 7. O-O Nf6 8. Qa4+ Nc6 9. Bg5 {Hoping for d5!} Be7 ({Black should try} 9... Bxc3 $11 10. bxc3 O-O) 10. Rad1 $146 ({White should play} 10. Bxf6 $14 Bxf6 11. d5 exd5 12. Rae1+ Be6 13. Bxd5) ({Predecessor:} 10. Bxf6 Bxf6 11. d5 exd5 12. Rfe1+ Be6 13. Bxd5 O-O 14. Bxe6 fxe6 {1-0 (25) Aronian,L (2807)-Anand,V (2817) Sao Paulo/Bilbao 2011}) 10... Bd7 $11 11. Qc2 Nb4 12. Qe2 {[#] Strongly threatening d5.} O-O 13. Ne5 Nbd5 14. Rd3 Nxc3 ({Better is} 14... h6 $11 15. Bd2 Bc6) 15. bxc3 $14 Nd5 16. Bxd5 Bxg5 17. Bxb7 Rb8 18. Bc6 Be8 19. Bxe8 Qxe8 20. Rg3 Bf4 21. Rg4 Bxe5 22. Qxe5 {[%csl Gg4][%cal Re5g7][%mdl 64] [#] Double Attack} g6 23. Qxc7 Rc8 24. Qa5 {The position is equal.} Rc4 25. h4 Qd8 26. Qxa7 Rxc3 27. h5 Qc7 28. Qxc7 Rxc7 $11 {[%mdl 4096] Endgame KRR-KRR} 29. Rg3 Ra8 30. Ra1 Ra4 31. Rd3 Kg7 32. g3 gxh5 33. Kg2 Rd7 34. a3 Rd5 35. Rad1 Rda5 {Accuracy: White = 63%, Black = 68%.} 1/2-1/2

[Event "SVK Extraliga 2019-20"]
[Site "Slovakia"]
[Date "2020.01.18"]
[Round "5.4"]
[White "Chovan, Milan"]
[Black "Malinovsky, Karel"]
[Result "1/2-1/2"]
[WhiteElo "2312"]
[BlackElo "2454"]
[Annotator "TA"]
[PlyCount "71"]
[EventDate "2019.10.19"]
[EventType "team-tourn"]
[EventCountry "SVK"]
[SourceTitle "playchess.com"]
[Source "ChessBase"]
[SourceQuality "1"]
[WhiteTeam "Podhajska"]
[BlackTeam "Slovan"]

{[%evp 13,71,13,18,12,16,-37,-32,-36,-29,-31,-40,-33,-27,-31,-32,-36,-33,-34,15,11,10,8,27,26,38,39,34,26,33,35,31,27,34,36,43,33,33,4,1,0,19,22,22,14,29,16,19,0,0,0,12,0,21,0,0,0,0,0,0,-8]} 1. d4 d5 2. c4 e6 3. Nc3 Be7 4. cxd5 exd5 5. Bf4 Nf6 6. e3 Bf5 7. Qb3 Nc6 {[%cal Bb8c6,Bc6a5,Ba5c4][%mdl 32]} 8. a3 {D35: Queen's Gambit Declined: Exchange Variation} (8. g4 Nxg4 9. Qxd5 Qc8 10. a3 Nf6 11. Qg2 O-O 12. Bc4 Na5 13. Ba2 c5 14. dxc5 Qxc5 15. Nge2 Nc4 16. Bxc4 Qxc4 {½-½ (38) Nakamura,H (2780)-Topalov,V (2749) Saint Louis 2017}) 8... Na5 9. Qa4+ ({White should try} 9. Qa2 $11) 9... c6 $15 10. Nf3 {Black is slightly better.} O-O 11. Be2 b5 12. Qd1 Nc4 13. Ne5 $146 ({Predecessor:} 13. Qc1 a5 14. Ne5 Qc8 15. O-O a4 16. Nxc4 dxc4 {½-½ (30) Vaisser,A (2575)-San Segundo Carrillo,P (2495) Athens 1997}) 13... Rc8 ({Reject} 13... Nxb2 $6 14. Qb3 $14) 14. Nxc4 bxc4 15. O-O Bd6 16. Bxd6 Qxd6 17. b3 cxb3 18. Qxb3 c5 19. Nb5 Qb6 20. dxc5 Rxc5 {White should prevent ...Rb8.} 21. Nd4 {[#] Hoping for Qxb6.} Qxb3 22. Nxb3 Rc3 23. Nd4 Bd7 24. Rfc1 Rfc8 25. Rxc3 (25. Rcb1 {feels hotter.} g6 26. a4 Kg7 27. a5 Ne4 28. h4) 25... Rxc3 26. Bb5 Be6 27. a4 Ne4 28. Be2 Nd6 29. g3 Kf8 {The position is equal.} 30. Ra2 Bh3 {[#] ( -> ...Rc1+)} 31. Ra1 Bd7 32. Kg2 Nf5 33. Nxf5 Bxf5 34. Bf3 Rc5 35. Rd1 Bc2 36. Rd4 {Accuracy: White = 50%, Black = 60%.} 1/2-1/2

[Event "SVK Extraliga 2019-20"]
[Site "Slovakia"]
[Date "2020.01.18"]
[Round "5.4"]
[White "Matejovic, Juraj"]
[Black "Stohl, Igor"]
[Result "1/2-1/2"]
[WhiteElo "2216"]
[BlackElo "2473"]
[Annotator "ChessBase"]
[PlyCount "33"]
[EventDate "2019.10.19"]
[EventType "team-tourn"]
[EventCountry "SVK"]
[SourceTitle "playchess.com"]
[Source "ChessBase"]
[SourceQuality "1"]
[WhiteTeam "Dunajov"]
[BlackTeam "Modra"]
[WhiteTeamCountry "SVK"]
[BlackTeamCountry "SVK"]
[TimeControl "40/5400+30:1800+30"]

1. e4 {[%emt 0:00:00]} c5 {[%emt 0:00:00]} 2. Nf3 {[%emt 0:00:11]} e6 {[%emt 0:00:02]} 3. d4 {[%emt 0:01:23]} cxd4 {[%emt 0:00:49]} 4. Nxd4 {[%emt 0:00:11]} a6 {[%emt 0:00:06]} 5. Nc3 {[%emt 0:01:14]} d6 {[%emt 0:01:22]} 6. Be2 {[%emt 0:00:51]} Nf6 {[%emt 0:00:42]} 7. O-O {[%emt 0:00:56]} Be7 {[%emt 0:00:19]} 8. f4 {[%emt 0:01:44]} O-O {[%emt 0:00:18]} 9. a4 {[%emt 0:03:56]} Nc6 {[%emt 0:00:28]} 10. Be3 {[%emt 0:01:20]} Qc7 {[%emt 0:01:52]} 11. Kh1 {[%emt 0:01:38]} Nxd4 {[%emt 0:01:25]} 12. Qxd4 {[%emt 0:06:40]} Bd7 {[%emt 0:00:46]} 13. e5 {[%emt 0:22:15]} Ne8 {[%emt 0:01:33]} 14. Rad1 {[%emt 0:03:31]} Bc6 {[%emt 0:01:19]} 15. Bd3 {[%emt 0:24:21]} Rd8 {[%emt 0:07:05]} 16. Qa7 {[%emt 0:03:30]} Qc8 {[%emt 0:07:05]} 17. Bxa6 {[%emt 0:08:03]} 1/2-1/2

[Event "SVK Extraliga 2019-20"]
[Site "Slovakia"]
[Date "2020.01.18"]
[Round "5.5"]
[White "Piesik, Piotr"]
[Black "Petrik, Tomas"]
[Result "1-0"]
[WhiteElo "2419"]
[BlackElo "2450"]
[Annotator "ChessBase"]
[PlyCount "73"]
[EventDate "2019.10.19"]
[EventType "team-tourn"]
[EventCountry "SVK"]
[SourceTitle "playchess.com"]
[Source "ChessBase"]
[SourceQuality "1"]
[WhiteTeam "Dubnica"]
[BlackTeam "Zilina"]
[TimeControl "40/5400+30:1800+30"]

1. d4 {[%emt 0:00:00]} Nf6 {[%emt 0:00:00]} 2. c4 {[%emt 0:00:00]} e6 {[%emt 0:00:01]} 3. Nc3 {[%emt 0:00:07]} Bb4 {[%emt 0:00:09]} 4. f3 {[%emt 0:01:04]} d5 {[%emt 0:02:52]} 5. a3 {[%emt 0:00:35]} Be7 {[%emt 0:00:28]} 6. e4 {[%emt 0:01:34]} dxe4 {[%emt 0:02:00]} 7. fxe4 {[%emt 0:00:09]} e5 {[%emt 0:00:11]} 8. d5 {[%emt 0:00:08]} Bc5 {[%emt 0:00:13]} 9. Bg5 {[%emt 0:04:43]} O-O {[%emt 0:13:28]} 10. Nf3 {[%emt 0:00:59]} Bg4 {[%emt 0:01:49]} 11. h3 {[%emt 0:00:19]} Bxf3 {[%emt 0:00:51]} 12. Qxf3 {[%emt 0:00:06]} Nbd7 {[%emt 0:27:34]} 13. O-O-O {[%emt 0:03:29]} Bd4 {[%emt 0:10:46]} 14. Ne2 {[%emt 0:02:10]} c6 {[%emt 0:09:23]} 15. Nxd4 {[%emt 0:28:26]} exd4 {[%emt 0:00:08]} 16. Rxd4 {[%emt 0:00:05]} Qb6 {[%emt 0:06:09]} 17. Rd1 {[%emt 0:02:47]} Rfe8 {[%emt 0:02:11]} 18. Bxf6 {[%emt 0:05:22]} Nxf6 {[%emt 0:01:23]} 19. Bd3 {[%emt 0:00:06]} Nd7 {[%emt 0:07:52]} 20. Bc2 {[%emt 0:05:22]} Ne5 {[%emt 0:00:55]} 21. Qc3 {[%emt 0:00:47]} Qf2 {[%emt 0:06:20]} 22. Rd2 {[%emt 0:07:56]} Qf4 {[%emt 0:00:21]} 23. g3 {[%emt 0:05:44]} Qh6 {[%emt 0:00:03]} 24. c5 {[%emt 0:02:52]} Rad8 {[%emt 0:05:55]} 25. Kb1 {[%emt 0:02:14]} b6 {[%emt 0:00:25]} 26. Rhd1 {[%emt 0:06:29]} Rc8 {[%emt 0:00:57]} 27. d6 {[%emt 0:02:44]} Nd7 {[%emt 0:00:05]} 28. cxb6 {[%emt 0:02:12]} axb6 {[%emt 0:00:01]} 29. h4 {[%emt 0:00:28]} Re5 {[%emt 0:01:27]} 30. Rf2 {[%emt 0:01:25]} Rc5 {[%emt 0:00:18]} 31. Qd4 {[%emt 0:01:28]} Rf8 {[%emt 0:00:37]} 32. Bb3 {[%emt 0:02:27]} Ne5 {[%emt 0:00:35]} 33. Rdf1 {[%emt 0:01:14]} Qg6 {[%emt 0:00:30]} 34. d7 {[%emt 0:07:14]} Rd8 {[%emt 0:00:04]} 35. Qxe5 {[%emt 0:00:42]} Rxe5 {[%emt 0:00:26]} 36. Bxf7+ {[%emt 0:00:04]} Qxf7 {[%emt 0:01:00]} 37. Rxf7 {[%emt 0:00:06]} 1-0

[Event "SVK Extraliga 2019-20"]
[Site "Slovakia"]
[Date "2020.01.18"]
[Round "5.5"]
[White "Pacher, Milan"]
[Black "Likavsky, Tomas"]
[Result "1-0"]
[WhiteElo "2402"]
[BlackElo "2436"]
[Annotator "ChessBase"]
[PlyCount "47"]
[EventDate "2019.10.19"]
[EventType "team-tourn"]
[EventCountry "SVK"]
[SourceTitle "playchess.com"]
[Source "ChessBase"]
[SourceQuality "1"]
[WhiteTeam "Slovan"]
[BlackTeam "Podhajska"]
[TimeControl "40/5400+30:1800+30"]

1. e4 {[%emt 0:06:13]} c5 {[%emt 0:00:00]} 2. Nf3 {[%emt 0:00:04]} e6 {[%emt 0:01:09]} 3. d4 {[%emt 0:00:06]} cxd4 {[%emt 0:00:05]} 4. Nxd4 {[%emt 0:00:03]} a6 {[%emt 0:00:11]} 5. Nc3 {[%emt 0:00:34]} b5 {[%emt 0:00:34]} 6. Bd3 {[%emt 0:00:18]} Bb7 {[%emt 0:05:15]} 7. O-O {[%emt 0:01:01]} Nf6 {[%emt 0:08:15]} 8. e5 {[%emt 0:08:49]} Nd5 {[%emt 0:00:53]} 9. Nxd5 {[%emt 0:01:03]} Bxd5 {[%emt 0:00:01]} 10. Re1 {[%emt 0:03:54]} Nc6 {[%emt 0:03:03]} 11. Be4 {[%emt 0:07:48]} Bxe4 {[%emt 0:11:59]} 12. Rxe4 {[%emt 0:00:03]} Qc7 {[%emt 0:00:17]} 13. Bf4 {[%emt 0:01:40]} Bc5 {[%emt 0:03:44]} 14. Nxc6 {[%emt 0:04:40]} Qxc6 {[%emt 0:03:39]} 15. Qd3 {[%emt 0:00:46]} h6 {[%emt 0:11:55]} 16. Rd1 {[%emt 0:09:19]} Ke7 {[%emt 0:04:10]} 17. b4 {[%emt 0:02:25]} Bb6 {[%emt 0:00:08]} 18. c4 {[%emt 0:00:25]} Rhd8 {[%emt 0:06:29]} 19. c5 {[%emt 0:00:54]} Bc7 {[%emt 0:00:04]} 20. Rd4 {[%emt 0:00:20]} a5 {[%emt 0:02:29]} 21. a3 {[%emt 0:08:10]} axb4 {[%emt 0:00:58]} 22. axb4 {[%emt 0:00:02]} g6 {[%emt 0:09:16]} 23. Rd6 {[%emt 0:01:47]} Bxd6 {[%emt 0:00:33]} 24. exd6+ {[%emt 0:00:11]} 1-0

[Event "SVK Extraliga 2019-20"]
[Site "Slovakia"]
[Date "2020.01.18"]
[Round "5.5"]
[White "Jacko, Vladimir"]
[Black "Dovzik, Juri"]
[Result "1-0"]
[WhiteElo "2312"]
[BlackElo "2273"]
[Annotator "TA"]
[PlyCount "63"]
[EventDate "2019.10.19"]
[EventType "team-tourn"]
[EventCountry "SVK"]
[SourceTitle "playchess.com"]
[Source "ChessBase"]
[SourceQuality "1"]
[WhiteTeam "Prakovce"]
[BlackTeam "Košice"]

{[%evp 16,63,15,8,25,18,18,33,22,-10,17,0,0,0,0,0,0,0,-18,-31,0,0,46,60,103,110,155,154,164,170,639,641,743,733,29985,543,443,170,151,159,206,169,220,230,267,279,2827,2622,29990,29991]} 1. e4 c5 2. Nf3 e6 3. d4 cxd4 4. Nxd4 Nc6 5. Nc3 Qc7 6. Be2 ({Predecessor:} 6. Be3 Be7 7. f4 d6 8. Be2 Nf6 9. a3 {½-½ (46) Stankovic,M (2325)-Potpara,N (2296) Belgrade 2014}) 6... a6 7. Be3 Nf6 8. a3 Be7 9. f4 d6 {B48: Sicilian: Taimanov: 5 Nc3 Qc7 6 Be3 a6 without Be2} 10. g4 Nxd4 $146 (10... d5 11. e5 Nd7 12. g5 Bc5 13. Qd2 Nxd4 14. Bxd4 Bxd4 15. Qxd4 Qb6 16. O-O-O Qxd4 17. Rxd4 {0-1 (62) Bologan,V (2610)-Jakovenko,D (2735) Poikovsky 2018}) 11. Qxd4 e5 {White is slightly better.} 12. Qd2 (12. Qd3 {keeps more tension.} Bxg4 13. O-O-O Rc8 14. Rhg1 Bxe2 15. Qxe2 g6 16. Kb1) 12... Bxg4 (12... Nxg4 {looks sharper.} 13. Bxg4 Bxg4 14. f5 Bh4+ 15. Bf2 Qd8) 13. Bxg4 Nxg4 14. O-O-O $1 {[%cal Ba1d1,Bd1d2,Bd2d3,Bd3h3][%mdl 32]} Nxe3 15. Qxe3 exf4 16. Qxf4 Rc8 17. Rd2 O-O 18. Nd5 Qd8 {Threatens to win with ...Bg5.} 19. Rg1 g6 20. Rd3 $1 {Black must now prevent Qh6.} Rc5 21. Rh3 {aiming for Qh6.} Rxd5 22. exd5 $40 {[%mdl 128] Hoping for Qh6. White is out for blood.} h5 $2 (22... Qb6 23. Rg2 Qa5) 23. Rxh5 $1 $18 {Strongly threatening Qh6.} Qb6 {[#]} 24. Rg3 $1 {White wants to mate with Qh6.} Qb5 {[#]} 25. Kb1 (25. Rgh3 $142 $1 {[%mdl 512]} f5 26. Rh8+ Kf7 27. R3h7+ Ke8 28. Rxe7+ {[%mdl 64] Clearance} Kxe7 29. Rh7+ Rf7 30. Qg5+ {[%mdl 64] Double Attack} Kf8 31. Qd8+ {[%mdl 64] Double Attack} Qe8 32. Rh8+ Kg7 33. Rxe8) 25... Qe2 {[#]} 26. Qh6 $2 (26. Rg4 $1 {Threatening mate with Qh6.} Re8 27. Qf5 (27. Qd4 Qf1+ 28. Ka2 Bf6 $16)) 26... Qf1+ 27. Qc1 Qf2 28. Rhh3 {Qh6 is the strong threat.} Rc8 (28... Bf6 {is a better defense.} 29. Rf3 Qd4) 29. Rf3 Qg2 30. c3 Bf8 $2 (30... Qg5 31. Qf1 Rf8) 31. Qf4 {[%csl Gf3][%cal Rf4f7]} Rc7 {[#]} 32. Qf6 $1 {Accuracy: White = 66%, Black = 28%.} 1-0